| 000 | 00342nam a22001337a 4500 | ||
|---|---|---|---|
| 003 | SGT | ||
| 082 |
_a617.525 _bH14D |
||
| 100 | _aDAS, RIPAN | ||
| 245 | _aHOSPITAL ACRUIRED INFECTIONS AND WASTE DISPOSAL IN ORAL SURGERY | ||
| 260 |
_aDELHI NCR _bSGT UNIVERSITY GURUGRAM _c2014 |
||
| 300 | _a1-123 | ||
| 650 | _aORAL SURGERY | ||
| 942 |
_2ddc _cTH |
||
| 999 |
_c18577 _d18577 |
||